Statystyki dla Gry wideo z nagrodą Gry Roku

Kliknij tutaj aby rozwiązać quiz!

Ogólne statystyki

  • Ten quiz został rozwiązany 62 razy
  • Średni wynik to 35 z 255

Statystyki odpowiedzi

RokTytuł gryProducentGatunekGala wręczenia% Poprawnych
2013Grand Theft Auto VRockstar NorthAction-adventureSpike Video Game Awards
67%
2013Grand Theft Auto VRockstar NorthAction-adventureGolden Joystick Awards
67%
2018God of WarSanta Monica StudioAction-adventureThe Game Awards
62%
2019God of WarSanta Monica StudioAction-adventureSXSW Gaming Awards
62%
2018God of WarSanta Monica StudioAction-adventureNew York Game Awards
62%
2018God of WarSanta Monica StudioAction-adventureGame Developers Choice Awards
62%
2018God of WarSanta Monica StudioAction-adventureD.I.C.E. Awards
62%
2018God of WarSanta Monica StudioAction-adventureBAFTA
62%
2005God of WarSanta Monica StudioAction-adventureD.I.C.E. Awards
62%
2023Baldur's Gate 3Larian StudiosRole-playingThe Game Awards
47%
2023Baldur's Gate 3Larian StudiosRole-playingGolden Joystick Awards
47%
2018Fortnite Battle RoyaleEpic GamesBattle royaleGolden Joystick Awards
45%
2008Grand Theft Auto IVRockstar NorthAction-adventureSpike Video Game Awards
45%
2022Elden RingFromSoftwareAction role-playingGame Developers Choice Awards
43%
2022Elden RingFromSoftwareAction role-playingD.I.C.E. Awards
43%
2022Elden RingFromSoftwareAction role-playingGolden Joystick Awards
43%
2022Elden RingFromSoftwareAction role-playingThe Game Awards
43%
2022Elden RingFromSoftwareAction role-playingNew York Game Awards
43%
2022Elden RingFromSoftwareAction role-playingJapan Game Awards
43%
2022Elden RingFromSoftwareAction role-playingFamitsu Awards
43%
2004Grand Theft Auto: San AndreasRockstar NorthAction-adventureSpike Video Game Awards
43%
2015The Witcher 3: Wild HuntCD Projekt RedAction role-playingThe Game Awards
43%
2015The Witcher 3: Wild HuntCD Projekt RedAction role-playingGame Developers Choice Awards
43%
2016The Witcher 3: Wild HuntCD Projekt RedAction role-playingSXSW Gaming Awards
43%
2015The Witcher 3: Wild HuntCD Projekt RedAction role-playingGolden Joystick Awards
43%
2015The Witcher 3: Wild HuntCD Projekt RedAction role-playingNew York Game Awards
43%
2001Grand Theft Auto IIIDMA DesignAction-adventureGame Developers Choice Awards
41%
2002Grand Theft Auto IIIDMA DesignAction-adventureGolden Joystick Awards
41%
2010Red Dead RedemptionRockstar San DiegoAction-adventureGame Developers Choice Awards
40%
2010Red Dead RedemptionRockstar San DiegoAction-adventureSpike Video Game Awards
40%
2013The Last of UsNaughty DogAction-adventureNew York Game Awards
38%
2013The Last of UsNaughty DogAction-adventureGame Developers Choice Awards
38%
2014The Last of UsNaughty DogAction-adventureSXSW Gaming Awards
38%
2013The Last of UsNaughty DogAction-adventureD.I.C.E. Awards
38%
2013The Last of UsNaughty DogAction-adventureBAFTA
38%
2003Grand Theft Auto: Vice CityRockstar NorthAction-adventureGolden Joystick Awards
31%
2003Call of DutyInfinity WardFirst-person shooterBAFTA
29%
2003Call of DutyInfinity WardFirst-person shooterD.I.C.E. Awards
29%
2020Sekiro: Shadows Die TwiceFromSoftwareAction-adventureSXSW Gaming Awards
29%
2019Sekiro: Shadows Die TwiceFromSoftwareAction-adventureThe Game Awards
29%
2020The Last of Us Part IINaughty DogAction-adventureThe Game Awards
29%
2020The Last of Us Part IINaughty DogAction-adventureGolden Joystick Awards
29%
2016Uncharted 4: A Thief's EndNaughty DogAction-adventureBAFTA
26%
2016Uncharted 4: A Thief's EndNaughty DogAction-adventureNew York Game Awards
26%
2017Uncharted 4: A Thief's EndNaughty DogAction-adventureSXSW Gaming Awards
26%
2015Fallout 4Bethesda Game StudiosAction role-playingD.I.C.E. Awards
24%
2015Fallout 4Bethesda Game StudiosAction role-playingBAFTA
24%
2016OverwatchBlizzard EntertainmentFirst-person shooterD.I.C.E. Awards
22%
2016OverwatchBlizzard EntertainmentFirst-person shooterGame Developers Choice Awards
22%
2016OverwatchBlizzard EntertainmentFirst-person shooterThe Game Awards
22%
2019Resident Evil 2CapcomSurvival horrorGolden Joystick Awards
22%
2005Resident Evil 4CapcomSurvival horrorSpike Video Game Awards
22%
2005Resident Evil 4CapcomSurvival horrorFamitsu Awards
22%
2021Resident Evil VillageCapcomSurvival horrorGolden Joystick Awards
22%
2009Uncharted 2: Among ThievesNaughty DogAction-adventureSpike Video Game Awards
22%
2009Uncharted 2: Among ThievesNaughty DogAction-adventureGame Developers Choice Awards
22%
2009Uncharted 2: Among ThievesNaughty DogAction-adventureD.I.C.E. Awards
22%
2016Dark Souls IIIFromSoftwareAction role-playingGolden Joystick Awards
21%
2021It Takes TwoHazelight StudiosAction-adventureD.I.C.E. Awards
21%
2021It Takes TwoHazelight StudiosAction-adventureThe Game Awards
21%
1983Ms. Pac-ManGeneral Computer CorporationMazeElectronic Gaming Awards (Console)
21%
1981Pac-ManNamcoMazeElectronic Gaming Awards (Arcade & Standalone)
21%
1983Pac-ManNamcoMazeVSDA Awards
21%
2000Diablo IIBlizzard NorthHack-and-slashD.I.C.E. Awards
19%
2008Fallout 3Bethesda Game StudiosAction role-playingGame Developers Choice Awards
19%
2009Fallout 3Bethesda Game StudiosAction role-playingGolden Joystick Awards
19%
2020Ghost of TsushimaSucker Punch ProductionsAction-adventureFamitsu Awards
19%
2021Ghost of TsushimaSucker Punch ProductionsAction-adventureJapan Game Awards
19%
2007PortalValvePuzzle-platformerGame Developers Choice Awards
19%
1991Sonic the HedgehogSegaPlatformerGolden Joystick Awards
19%
2011The Elder Scrolls V: SkyrimBethesda Game StudiosAction role-playingD.I.C.E. Awards
19%
2012The Elder Scrolls V: SkyrimBethesda Game StudiosAction role-playingGolden Joystick Awards
19%
2011The Elder Scrolls V: SkyrimBethesda Game StudiosAction role-playingGame Developers Choice Awards
19%
2011The Elder Scrolls V: SkyrimBethesda Game StudiosAction role-playingNew York Game Awards
19%
2011The Elder Scrolls V: SkyrimBethesda Game StudiosAction role-playingSpike Video Game Awards
19%
2014Dark Souls IIFromSoftwareAction role-playingGolden Joystick Awards
17%
1997Final Fantasy VIISquareRole-playingJapan Game Awards
17%
2004Half-Life 2ValveFirst-person shooterD.I.C.E. Awards
17%
2004Half-Life 2ValveFirst-person shooterBAFTA
17%
2004Half-Life 2ValveFirst-person shooterGame Developers Choice Awards
17%
2017The Legend of Zelda: Breath of the WildNintendo EPDAction-adventureGolden Joystick Awards
17%
2018The Legend of Zelda: Breath of the WildNintendo EPDAction-adventureSXSW Gaming Awards
17%
2017The Legend of Zelda: Breath of the WildNintendo EPDAction-adventureD.I.C.E. Awards
17%
2017The Legend of Zelda: Breath of the WildNintendo EPDAction-adventureFamitsu Awards
17%
2017The Legend of Zelda: Breath of the WildNintendo EPDAction-adventureThe Game Awards
17%
2017The Legend of Zelda: Breath of the WildNintendo EPDAction-adventureNew York Game Awards
17%
2017The Legend of Zelda: Breath of the WildNintendo EPDAction-adventureGame Developers Choice Awards
17%
2017The Legend of Zelda: Breath of the WildNintendo EPDAction-adventureJapan Game Awards
17%
1999The SimsMaxisLife simulationD.I.C.E. Awards
17%
2000The SimsMaxisLife simulationGame Developers Choice Awards
17%
2009Mario Kart WiiNintendo EADRacingJapan Game Awards
16%
2011Portal 2ValvePuzzle-platformerGolden Joystick Awards
16%
2011Portal 2ValvePuzzle-platformerBAFTA
16%
2005Grand Theft Auto: San AndreasRockstar NorthAction-adventureGolden Joystick Awards
14%
2020HadesSupergiant GamesAction role-playingBAFTA
14%
2020HadesSupergiant GamesAction role-playingNew York Game Awards
14%
2020HadesSupergiant GamesAction role-playingD.I.C.E. Awards
14%
2020HadesSupergiant GamesAction role-playingGame Developers Choice Awards
14%
2021HadesSupergiant GamesAction role-playingSXSW Gaming Awards
14%
2020Animal Crossing: New HorizonsNintendo EPDLife simulationJapan Game Awards
12%
2020Animal Crossing: New HorizonsNintendo EPDLife simulationFamitsu Awards
12%
2013Animal Crossing: New LeafNintendo EADSocial simulationJapan Game Awards
12%
2012Animal Crossing: New LeafNintendo EADSocial simulationFamitsu Awards
12%
2004Doom 3id SoftwareFirst-person shooterGolden Joystick Awards
12%
2015Dragon Age: InquisitionBioWareAction role-playingSXSW Gaming Awards
12%
2014Dragon Age: InquisitionBioWareAction role-playingD.I.C.E. Awards
12%
2014Dragon Age: InquisitionBioWareAction role-playingThe Game Awards
12%
2002Final Fantasy XSquareRole-playingJapan Game Awards
12%
2001Final Fantasy XSquareRole-playingJapan Game Awards
12%
2022Final Fantasy XIV: EndwalkerSquare EnixMMORPGSXSW Gaming Awards
12%
2007Call of Duty 4: Modern WarfareInfinity WardFirst-person shooterD.I.C.E. Awards
10%
2008Call of Duty 4: Modern WarfareInfinity WardFirst-person shooterGolden Joystick Awards
10%
1989Final Fantasy IISquaresoftRole-playingFamitsu Awards
10%
1991Final Fantasy IVSquaresoftRole-playingFamitsu Awards
10%
2003Final Fantasy XISquareMMORPGJapan Game Awards
10%
2006Final Fantasy XIISquare EnixRole-playingJapan Game Awards
10%
2006Final Fantasy XIISquare EnixRole-playingFamitsu Awards
10%
2002Halo: Combat EvolvedBungieFirst-person shooterBAFTA (console)
10%
2001Halo: Combat EvolvedBungieFirst-person shooterD.I.C.E. Awards
10%
2004Monster HunterCapcomAction role-playingFamitsu Awards
10%
2004Monster HunterCapcomAction role-playingJapan Game Awards
10%
1992Street Fighter IICapcomFightingElectronic Gaming Awards
10%
2012The Walking DeadTelltale GamesGraphic adventureNew York Game Awards
10%
2012The Walking DeadTelltale GamesGraphic adventureSpike Video Game Awards
10%
1999Final Fantasy VIIISquareRole-playingJapan Game Awards
9%
2010Mass Effect 2BioWareAction role-playingGolden Joystick Awards
9%
2010Mass Effect 2BioWareAction role-playingBAFTA
9%
2010Mass Effect 2BioWareAction role-playingD.I.C.E. Awards
9%
2001Max PayneRemedy EntertainmentThird-person shooterBAFTA (PC)
9%
2007Wii SportsNintendo EADSportsJapan Game Awards
9%
2014Wolfenstein: The New OrderMachineGamesFirst-person shooterNew York Game Awards
9%
2012DishonoredArkane StudiosAction-adventureBAFTA
7%
1995Donkey Kong CountryRarePlatformerVSDA Awards
7%
2006Gears of WarEpic GamesThird-person shooterD.I.C.E. Awards
7%
2006Gears of WarEpic GamesThird-person shooterGame Developers Choice Awards
7%
2007Gears of WarEpic GamesThird-person shooterGolden Joystick Awards
7%
1984Star WarsAtari Inc.Rail shooterElectronic Gaming Awards (Arcade)
7%
2006The Elder Scrolls IV: OblivionBethesda Game StudiosAction role-playingSpike Video Game Awards
7%
2006The Elder Scrolls IV: OblivionBethesda Game StudiosAction role-playingGolden Joystick Awards
7%
2019The Outer WorldsObsidian EntertainmentAction role-playingNew York Game Awards
7%
2022Vampire SurvivorsPoncleRoguelikeBAFTA
7%
2007BioShockIrrational GamesFirst-person shooterBAFTA
5%
2007BioShockIrrational GamesFirst-person shooterSpike Video Game Awards
5%
2014DestinyBungieAction role-playingBAFTA
5%
2000Deus ExIon StormAction role-playingBAFTA (PC)
5%
2009Metal Gear Solid 4: Guns of the PatriotsKojima ProductionsAction-adventureJapan Game Awards
5%
2006Pokémon Diamond and PearlGame FreakRole-playingFamitsu Awards
5%
2000Pokémon YellowGame FreakRole-playingBAFTA (handheld)
5%
1997Super Mario 64Nintendo EADPlatformerGolden Joystick Awards
5%
2009Batman: Arkham AsylumRocksteady StudiosAction-adventureBAFTA
3%
1998GoldenEye 007RareFirst-person shooterBAFTA
3%
1997GoldenEye 007RareFirst-person shooterD.I.C.E. Awards
3%
1998GoldenEye 007RareFirst-person shooterVSDA Awards
3%
2001Gran Turismo 3: A-SpecPolyphony DigitalRacingBAFTA (console)
3%
2014Middle-earth: Shadow of MordorMonolith ProductionsAction-adventureGame Developers Choice Awards
3%
2021Monster Hunter RiseCapcomAction role-playingJapan Game Awards
3%
2021Monster Hunter RiseCapcomAction role-playingFamitsu Awards
3%
2018Monster Hunter: WorldCapcomAction role-playingJapan Game Awards
3%
2018Monster Hunter: WorldCapcomAction role-playingFamitsu Awards
3%
2016Pokémon Sun and MoonGame FreakRole-playingFamitsu Awards
3%
2019Pokémon Sword and ShieldGame FreakRole-playingFamitsu Awards
3%
2021Psychonauts 2Double FinePlatformerNew York Game Awards
3%
2021ReturnalHousemarqueThird-person shooterBAFTA
3%
1979Space InvadersTaitoFixed shooterElectronic Gaming Awards
3%
2015SplatoonNintendo EADThird-person shooterFamitsu Awards
3%
2016SplatoonNintendo EADThird-person shooterJapan Game Awards
3%
2003Star Wars: Knights of the Old RepublicBioWareRole-playingGame Developers Choice Awards
3%
1992Street Fighter IICapcomFightingGolden Joystick Awards
3%
2007Super Mario GalaxyNintendo EADPlatformerFamitsu Awards
3%
2008Super Mario GalaxyNintendo EADPlatformerBAFTA
3%
2019Super Smash Bros. UltimateBandai Namco StudiosFightingJapan Game Awards
3%
2018Super Smash Bros. UltimateBandai Namco StudiosFightingFighting
3%
1980AsteroidsAtari Inc.Multidirectional shooterElectronic Gaming Awards (Arcade & Standalone)
2%
1981AsteroidsAtariMultidirectional shooterElectronic Gaming Awards (Console)
2%
1986Dragon QuestChunsoftRole-playingFamitsu Awards
2%
2017Dragon Quest XISquare EnixRole-playingFamitsu Awards
2%
1983JetpacUltimateShooterGolden Joystick Awards
2%
2012JourneyThatgamecompanyAdventureGame Developers Choice Awards
2%
2012JourneyThatgamecompanyAdventureD.I.C.E. Awards
2%
1984Knight LoreUltimateAction-adventureGolden Joystick Awards
2%
2002Metroid PrimeRetro StudiosAction-adventureGame Developers Choice Awards
2%
2002Neverwinter NightsBioWareRole-playingBAFTA (PC)
2%
2010New Super Mario Bros. WiiNintendo EADAction role-playingJapan Game Awards
2%
2005Shadow of the ColossusJapan Studio, Team IcoAction-adventureGame Developers Choice Awards
2%
1980SupermanAtariAction-adventureElectronic Gaming Awards (Console & Computer)
2%
1999The Legend of Zelda: Ocarina of TimeNintendo EADAction-adventureBAFTA
2%
1998The Legend of Zelda: Ocarina of TimeNintendo EADAction-adventureD.I.C.E. Awards
2%
1998The Legend of Zelda: Ocarina of TimeNintendo EADAction-adventureJapan Game Awards
2%
1999The Legend of Zelda: Ocarina of TimeNintendo EADAction-adventureVSDA Awards
2%
2019Untitled Goose GameHouse HousePuzzle–stealthGame Developers Choice Awards
2%
2019Untitled Goose GameHouse HousePuzzle–stealthD.I.C.E. Awards
2%
1985Way of the Exploding FistBeam SoftwareFightingGolden Joystick Awards
2%
2008Wii FitNintendo EADFitnessJapan Game Awards
2%
2014Yo-kai WatchLevel-5Role-playingJapan Game Awards
2%
2014Yo-kai Watch 2Level-5Role-playingFamitsu Awards
2%
2015Yo-kai Watch 2Level-5Role-playingJapan Game Awards
2%
2002Battlefield 1942Digital Illusions CEFirst-person shooterD.I.C.E. Awards
0%
1982David's Midnight MagicBroderbundPinballElectronic Gaming Awards (Computer)
0%
1982Demon AttackImagicFixed shooterElectronic Gaming Awards (Console)
0%
1993Disney's AlladinVirgin Games USAPlatformerElectronic Gaming Awards
0%
1999Doko Demo IssyoSony Computer EntertainmentStrategyJapan Game Awards
0%
1996Donkey Kong Country 2: Diddy's Kong QuestRarePlatformerVSDA Awards
0%
1987Dragon Quest IIChunsoftRole-playingFamitsu Awards
0%
1988Dragon Quest IIIChunsoftRole-playingFamitsu Awards
0%
1990Dragon Quest IVChunsoftRole-playingFamitsu Awards
0%
2009Dragon Quest IXLevel-5Role-playingFamitsu Awards
0%
2005Dragon Quest VIIILevel-5Role-playingJapan Game Awards
0%
2006Dr. Kawashima's Brain TrainingNintendo SDDPuzzleJapan Game Awards
0%
1982GalaxianNamcoFixed shooterElectronic Gaming Awards (Standalone)
0%
1986GauntletAtari GamesHack-and-slashGolden Joystick Awards
0%
2012Gravity RushProject SirenAction-adventureJapan Game Awards
0%
2021InscryptionDaniel Mullins GamesRoguelikeGame Developers Choice Awards
0%
1990John Madden FootballPark Place ProductionsSportsGolden Joystick Awards (16-bit consoles)
0%
2012JoJo's Bizarre Adventure: All Star BattleCyberConnect2FightingJapan Game Awards
0%
1989Kick OffDino DiniSportsGolden Joystick Awards (16-bit computers)
0%
1990Kick Off 2Dino DiniSportsGolden Joystick Awards (16-bit computers)
0%
2005Kingdom Hearts IISquare EnixAction role-playingFamitsu Awards
0%
2008LittleBigPlanetMedia MoleculePuzzle-platformerD.I.C.E. Awards
0%
1983Lode RunnerDoug SmithPlatformerElectronic Gaming Awards (Computer)
0%
2003Madden NFL 2004EA TiburonSportsSpike Video Game Awards
0%
2000MediEvil 2SCE Cambridge StudioAction-adventureBAFTA (console)
0%
1990Mega ManCapcomPlatformerGolden Joystick Awards (8-bit consoles)
0%
2014Monster Hunter 4CapcomAction role-playingJapan Game Awards
0%
2013Monster Hunter 4CapcomAction role-playingFamitsu Awards
0%
2007Monster Hunter Portable 2ndCapcomAction role-playingFamitsu Awards
0%
2007Monster Hunter Portable 2ndCapcomAction role-playingJapan Game Awards
0%
2008Monster Hunter Portable 2nd GCapcomAction role-playingFamitsu Awards
0%
2008Monster Hunter Portable 2nd GCapcomAction role-playingJapan Game Awards
0%
2011Monster Hunter Portable 3rdCapcomAction role-playingJapan Game Awards
0%
2010Monster Hunter Portable 3rdCapcomAction role-playingFamitsu Awards
0%
2011Monster Hunter Tri GCapcomAction role-playingFamitsu Awards
0%
1994NBA JamMidway GamesSportsVSDA Awards
0%
1988Operation WolfTaitoLight gun shooterGolden Joystick Awards (8-bit computers)
0%
2019Outer WildsMobius DigitalAction-adventureBAFTA
0%
1987Out RunSegaRacingGolden Joystick Awards
0%
2000Phantasy Star OnlineSonic TeamAction role-playingJapan Game Awards
0%
2000Pokémon StadiumNintendo EADStrategyVSDA Awards
0%
1983Pole PositionNamcoRacingElectronic Gaming Awards (Arcade)
0%
1983Q*bertGottliebAction / PuzzleElectronic Gaming Awards (Standalone)
0%
1990Rick Dangerous 2Core DesignPlatformerGolden Joystick Awards (8-bit computers)
0%
1996Sakura WarsOverworksTactical role-playingJapan Game Awards
0%
2002SMS ChessPurple SoftwareComputer chessBAFTA (handheld)
0%
1984Space ShuttleMicrodealFlight simulatorElectronic Gaming Awards (Console)
0%
1988SpeedballBitmap BrothersSportsGolden Joystick Awards (16-bit computers)
0%
1981Star RaidersAtari Inc.Space combat simulatorElectronic Gaming Awards (Computer)
0%
2003Taiko no TatsujinNamcoRhythmJapan Game Awards
0%
1989The UntouchablesOcean SoftwareShooterGolden Joystick Awards (8-bit computers)
0%
1988Thunder BladeSegaCombat flight simulatorGolden Joystick Awards (Consoles)
0%
2006Tom Clancy's Ghost Recon Advanced WarfighterUbisoft ParisTactical shooterBAFTA
0%
2001Tony Hawk's Pro Skater 2Vicarious VisionsSportsBAFTA (handheld)
0%
2001Tony Hawk's Pro Skater 2NeversoftSportsVSDA Awards
0%
1982TronBally MidwayActionElectronic Gaming Awards (Arcade)
0%
1984Ultima III: ExodusOrigin SmithRole-playingElectronic Gaming Awards (Computer)
0%
2017What Remains of Edith FinchGiant SparrowAdventureBAFTA
0%
1984ZaxxonSegaScrolling shooterElectronic Gaming Awards (Standalone)
0%

Rozkład punktacji

Percentyl według liczby udzielonych odpowiedzi

Procent ludzi z każdym wynikiem

Twoja historia wyników

Nie rozwiązałeś tego quizu